Länder, die den Euro nutzen mit Karte - Statistiken

Allgemein
  • Dieses Quiz wurde 567 mal gespielt
  • Das Durchschnittsergebnis liegt bei 21 aus 24
Antworten auf der Karte
Die Antworten werden auf der Karte rot bzw. grün angezeigt, abhängig davon wie oft sie richtig erraten wurden.
 
Antwortstatistiken
Antwort % Korrekt
Deutschland
99%
Frankreich
99%
Spanien
99%
Italien
98%
Portugal
98%
Österreich
96%
Griechenland
96%
Belgien
95%
Niederlande
94%
Estland
93%
Lettland
92%
Litauen
91%
Luxemburg
91%
Irland
90%
Kroatien
90%
Finnland
89%
Slowenien
87%
Slowakei
86%
Malta
84%
Nicht EU Vatikanstadt
84%
Nicht EU Monaco
83%
Nicht EU Andorra
82%
Nicht EU San Marino
81%
Zypern
49%
Keine übereinstimmenden Quizze gefunden
Verteilung der Resultate
Anzahl Personen mit jedem Resultat
Perzentil nach korrekt beantworteten Fragen
Ihre Resultats-Entwicklung
Sie haben dieses Quiz noch nicht gespielt